| 000 | 00410nam a22001337a 4500 | ||
|---|---|---|---|
| 020 | _a9781484277348 | ||
| 082 |
_a006.31Q _bGAN/Q |
||
| 100 | _aGanguly Santanu | ||
| 245 |
_aQuantum Machine Learning _b: an applied approach : the theory and application of quantum machine learning in science and industry |
||
| 260 |
_aLondon _bApress _c2025 |
||
| 300 | _a378p. | ||
| 650 | _aQuantum Machine Learning | ||
| 942 | _cBK | ||
| 999 |
_c2834 _d2834 |
||